World development report 1995 : workers in an integrating world.
| Format: | Book |
|---|---|
| Published: |
New York:
Oxford University Press,
1995.
|
| Subjects: |
| LEADER | 00496cam a2200157 7i4500 | ||
|---|---|---|---|
| 001 | 0000005567 | ||
| 005 | 19991025090000.0 | ||
| 002 | ##000007204 | ||
| 020 | 0 | 0 | |a 0-19-521103-0 |
| 090 | 0 | 0 | |a I 338.9 |b WOR |
| 245 | 0 | 0 | |a World development report 1995 : |b workers in an integrating world. |
| 260 | 0 | 0 | |a New York: |b Oxford University Press, |c 1995. |
| 300 | 0 | 0 | |a 251 p.. |
| 650 | 0 | 0 | |a Economic development |
| 650 | 0 | 0 | |a Employees -- |x Economic development |
| 999 | |a 0000008467 |b Book |c Open shelf |e Business Information Centre | ||


